La ley en América Hispana. Del descubrimiento a la emancipación.
Gespeichert in:
| 1. Verfasser: | |
|---|---|
| Format: | Buch |
| Veröffentlicht: |
Buenos Aires, Argentina:
Academia Nacional de la Historia,
1992.
|
| Schriftenreihe: | Colección del Quinto Centenario del Descubrimiento de América.
|
| Schlagworte: | |
| Tags: |
Tag hinzufügen
Keine Tags, Fügen Sie den ersten Tag hinzu!
|
MARC
| LEADER | 00000nam a22000007a 4500 | ||
|---|---|---|---|
| 003 | CL-VaPUC | ||
| 005 | 20220822114705.0 | ||
| 008 | 220721t1992 ||||| |||| 00| 0 eng d | ||
| 999 | |c 437394 |d 437392 | ||
| 020 | |a 950-9843-17-2 | ||
| 040 | |c Pontificia Universidad Católica de Valparaíso | ||
| 082 | 7 | |a 349.8 TAU 1992 |2 22 | |
| 100 | |9 872914 |a Tau Anzoátegui, Víctor |e autor | ||
| 245 | 1 | 3 | |a La ley en América Hispana. |b Del descubrimiento a la emancipación. |
| 260 | |a Buenos Aires, Argentina: |b Academia Nacional de la Historia, |c 1992. | ||
| 300 | |a 439 páginas. | ||
| 490 | |a Colección del Quinto Centenario del Descubrimiento de América. | ||
| 500 | |a c.1 Donación Familia Prof. Alejandro Guzmán Brito. | ||
| 583 | |c 20220721 |k Cristina María Rojas Aguilar | ||
| 651 | |a América latina |x Derecho |x Historia |9 873661 | ||
| 942 | |2 ddc |c BK |n 0 | ||
| 952 | |0 0 |1 0 |2 ddc |4 0 |6 349_800000000000000_TAU_1992 |7 0 |8 C_AGB |9 585160 |a BIBDER |b BIBDER |d 2022-07-21 |f Donación |i 5653183 |o 349.8 TAU 1992 |p 5653183 |r 2023-01-25 |t 1 |w 2022-07-21 |y BK_US |k AGB | ||